| 000 | 00876nam a22002657a 4500 | ||
|---|---|---|---|
| 003 | CHAP | ||
| 005 | 20220329135135.0 | ||
| 008 | 971013s1880 r 00010 d | ||
| 010 | _a31556 | ||
| 011 | _a32528 | ||
| 035 | _a36643 | ||
| 040 | _cCHAP | ||
| 082 |
_a638.2 _bP4 |
||
| 100 | 0 | 0 |
_aLopedeti y Lecumberri, Gregorio. _968493 |
| 245 | _aTratado práctico de la cría del gusano de seda del roble | ||
| 260 |
_aSan Sebastián : _bEstablecimiento Tipográfico de Antonio Baraja, _c1880 |
||
| 300 |
_a42 p. _b: ilus. |
||
| 500 | _aEncuadernado con: Pérez de Nueros, F., instrucción para la cría de los gusanos de seda del roble. | ||
| 590 |
_aBATCH-UPD _b10 _c20130110 _lUCH01 _h2124 |
||
| 590 |
_aCONVERSION _b10 _c20130109 _lUCH01 _h1318 |
||
| 650 | 1 | 4 |
_aSericultura. _9104550 |
| 901 | _aBK | ||
| 942 | _cLIBRO | ||
| 949 |
_a638.2 P4 _bBC _cBPP _d-84402 _eBPP _i36643 _si |
||
| 999 |
_c31556 _d31556 |
||